[Event "Spassky-Fischer, Reykjavik 1972 Match"]
[Site "SchemingMind.com"]
[Date "2012.06.26"]
[Round "-"]
[White "kenneth m day"]
[Black "John Galvin"]
[Result "0-1"]
[WhiteCountry "USA"]
[BlackCountry "USA"]
[WhiteElo "1721"]
[WhiteRD "52"]
[BlackElo "2342"]
[BlackRD "67"]
[GameID "312740"]

1. e4 e5 2. Nf3 Nc6 3. c3 Nf6 4. d4 Nxe4 5. d5 Ne7 6. Nxe5 Ng6 7. Qd4 Nf6 8. Nxg6 hxg6 9. Bf4 b6 10. Be2 Bc5
11. Qe5+ Kf8 12. Qxc7 Qe8 13. Nd2 Nxd5 14. Qe5 Nxf4 15. Qxe8+ Kxe8 16. Bf3 Nd3+ 17. Ke2 Nf4+ 18. Kd1 Rb8 19. Re1+ Ne6 20. Ne4 Bb7
21. Kc2 Rxh2 22. Rad1 f5 23. Nxc5 Bxf3 24. gxf3 Rxf2+ 25. Kc1 bxc5
0-1

[Event "Spassky-Fischer, Reykjavik 1972 Match"]
[Site "SchemingMind.com"]
[Date "2012.07.25"]
[Round "-"]
[White "Marc Wakeham"]
[Black "Teagy"]
[Result "1-0"]
[WhiteCountry "WLS"]
[BlackCountry "ENG"]
[WhiteElo "1641"]
[WhiteRD "71"]
[BlackElo "1764"]
[BlackRD "70"]
[GameID "315037"]

1. e4 Nf6 2. d3 d6 3. g3 g6 4. Bd2 Bg7 5. Bc3 O-O 6. Bg2 c5 7. Nf3 Nc6 8. O-O Bd7 9. Re1 b5 10. a3 b4
11. axb4 cxb4 12. Bd2 a5 13. Bc1 Rc8 14. Nfd2 Nd4 15. Nc4 a4 16. Be3 Ng4 17. c3 Nxe3 18. fxe3
1-0

[Event "Spassky-Fischer, Reykjavik 1972 Match"]
[Site "SchemingMind.com"]
[Date "2012.07.25"]
[Round "-"]
[White "Teagy"]
[Black "Marc Wakeham"]
[Result "1-0"]
[WhiteCountry "ENG"]
[BlackCountry "WLS"]
[WhiteElo "1743"]
[WhiteRD "64"]
[BlackElo "1618"]
[BlackRD "70"]
[GameID "315039"]

1. e4 d6 2. Nc3 g6 3. d4 Bg7 4. Be3 Nf6 5. f3 O-O 6. Qd2 c5 7. d5 Nbd7 8. h4 Nh5 9. Nge2 Ne5 10. g4 Nxg4
11. fxg4 Nf6 12. Bh3 Bxg4 13. Bh6 Bh5 14. Bxg7 Kxg7 15. O-O-O a6 16. Rdg1 b5 17. Ng3 Bf3 18. Rh2 b4 19. Nce2 Nxe4 20. Nxe4 Bxe4
21. Ng3 Bf3 22. Qd3 e5 23. Qxf3
1-0

[Event "Spassky-Fischer, Reykjavik 1972 Match"]
[Site "SchemingMind.com"]
[Date "2012.08.01"]
[Round "-"]
[White "NebAnphu"]
[Black "lipekhetman"]
[Result "1/2-1/2"]
[WhiteCountry "POL"]
[BlackCountry "POL"]
[WhiteElo "2050"]
[WhiteRD "119"]
[BlackElo "2143"]
[BlackRD "87"]
[GameID "315324"]

1. d4 d5 2. Nf3 c6 3. e3 Bg4 4. Be2 e6 5. Nbd2 Nf6 6. O-O Nbd7 7. c3 Bd6 8. Qc2 O-O 9. Re1 Bf5 10. Bd3 Bxd3
11. Qxd3 e5 12. dxe5 Nxe5 13. Nxe5 Bxe5 14. Nf3 Re8 15. Nxe5 Rxe5 16. b3 Qd6 17. h3 Rae8 18. Bb2 Rg5 19. c4 Ne4 20. Re2 dxc4
21. Qxd6 Nxd6 22. Rd1 Rd5 23. Rxd5 cxd5 24. Rd2 Ne4 25. Rxd5 c3 26. Bc1 Rc8 27. Rd4 f5 28. f3 Nf6 29. Kf2 b5 30. a4 a6
31. g4 Rc5= 32. Ke2 fxg4 33. hxg4 Kf7 34. Kd3 c2 35. b4 Rc6 36. axb5 axb5 37. e4 Ke7 38. g5 Ne8 39. Rd5 Nc7 40. Rc5 Rxc5
41. bxc5 Ne6 42. Be3 c1=N+ 43. Bxc1 Nxc5+ 44. Kc3 Kd7 45. Be3 Kc6 46. Bd2 Na4+ 47. Kd4 Nc5 48. Ke3 h5 49. gxh6 gxh6 50. Be1 h5
51. f4 Na6 52. f5 b4 53. e5 b3 54. Kd3 Kd5 55. e6 Nc5+ 56. Kc3 Nxe6 57. fxe6 Kxe6 58. Kxb3 h4 59. Bxh4
1/2-1/2

[Event "Spassky-Fischer, Reykjavik 1972 Match"]
[Site "SchemingMind.com"]
[Date "2012.08.01"]
[Round "-"]
[White "lipekhetman"]
[Black "NebAnphu"]
[Result "1-0"]
[WhiteCountry "POL"]
[BlackCountry "POL"]
[WhiteElo "2148"]
[WhiteRD "83"]
[BlackElo "2039"]
[BlackRD "120"]
[GameID "315326"]

1. d4 d5 2. c4 Nc6 3. cxd5 Qxd5 4. e3 e5 5. Nc3 Bb4 6. Bd2 Bxc3 7. Bxc3 exd4 8. Ne2 Bg4 9. f3 Be6 10. Nxd4 O-O-O
11. Qa4 Nge7 12. Nxc6 Nxc6 13. Bb5 Qc5 14. Kf2 Bd7 15. Rad1 f6 16. Bxc6 Bxc6 17. Qg4+ Kb8 18. Qxg7 Rde8 19. Rd3 Ba4 20. Qxf6 Rhg8
21. b3 Bb5 22. Rd4 Ref8 23. Rhd1 b6 24. Rd8+ Kb7 25. Rxf8 Rxf8 26. Qe5 Qxe5 27. Bxe5 Bc6 28. f4 a5 29. Rd4 Rg8 30. e4
1-0

[Event "Spassky-Fischer, Reykjavik 1972 Match"]
[Site "SchemingMind.com"]
[Date "2012.09.13"]
[Round "-"]
[White "Adrian Grajczak"]
[Black "Timaeus"]
[Result "1-0"]
[WhiteCountry "POL"]
[BlackCountry "JPN"]
[WhiteElo "2089"]
[WhiteRD "67"]
[BlackElo "1345"]
[BlackRD "67"]
[GameID "317632"]

1. e4 e5 2. Nf3 Nc6 3. Bb5 d6 4. d4 Bd7 5. Nc3 Be7 6. O-O Nf6 7. Re1 Na5 8. dxe5 dxe5 9. Nxe5 O-O 10. Nxd7 Nxd7
11. Qxd7 c6 12. Qxd8 Raxd8 13. Bd3 g6 14. Bf4 Rfe8 15. Bc7 Bb4 16. Bxd8 Rxd8 17. a3 Bxc3 18. bxc3 b5 19. a4 a6 20. axb5 Rxd3
21. cxd3
1-0

[Event "Spassky-Fischer, Reykjavik 1972 Match"]
[Site "SchemingMind.com"]
[Date "2012.09.13"]
[Round "-"]
[White "Timaeus"]
[Black "Adrian Grajczak"]
[Result "0-1"]
[WhiteCountry "JPN"]
[BlackCountry "POL"]
[WhiteElo "1470"]
[WhiteRD "73"]
[BlackElo "2078"]
[BlackRD "71"]
[GameID "317634"]

1. e4 d6 2. d4 Nf6 3. Nc3 e5 4. d5 g6 5. Bb5+ Nbd7 6. Bxd7+ Bxd7 7. Bg5 Bg7 8. Nf3 O-O 9. h3 h6 10. Bxf6 Bxf6
11. O-O Bg7 12. Qd3 f5 13. a4 f4 14. Ne2 g5 15. g4 fxg3 16. Nxg3 Bxh3 17. Rfe1 Bg4 18. Nh2 Bd7 19. c4 Qf6 20. Re2 Qg6
21. Rf1 Bxa4 22. b3 Bd7 23. f3 Rf4 24. Rff2 Raf8 25. Re3 h5 26. Qf1 Bh6 27. Ne2 R4f7 28. Qg2 g4 29. Rd3 Kh7 30. Kh1 gxf3
31. Qxg6+ Kxg6 32. Rdxf3 Rxf3 33. Nxf3 Bg4 34. Neg1 Be3 35. Rf1 Bxg1 36. Nh4+ Kg7 37. Rxg1 Rf4 38. Nf5+ Kf6 39. Ng3 Bf3+ 40. Rg2 Bxg2+
41. Kxg2 Kg5 42. Kh3 h4 43. Nf5 Rxe4
0-1

[Event "Spassky-Fischer, Reykjavik 1972 Match"]
[Site "SchemingMind.com"]
[Date "2012.10.17"]
[Round "-"]
[White "John Galvin"]
[Black "Marc Wakeham"]
[Result "1-0"]
[WhiteCountry "USA"]
[BlackCountry "WLS"]
[WhiteElo "2314"]
[WhiteRD "69"]
[BlackElo "1659"]
[BlackRD "64"]
[GameID "319250"]

1. e4 d6 2. d4 Nf6 3. Nc3 g6 4. Be3 Bg7 5. Qd2 O-O 6. Nf3 Bg4 7. O-O-O Nbd7 8. Be2 c6 9. h3 Bxf3 10. Bxf3 Nb6
11. b3 Nfd7 12. h4 e5 13. Kb1 a5 14. d5 c5 15. h5 a4 16. hxg6 fxg6 17. Bg4 Nf6 18. Be6+ Kh8 19. Bg5 Qc7 20. Nb5 Qd8
21. Rxh7+
1-0

[Event "Spassky-Fischer, Reykjavik 1972 Match"]
[Site "SchemingMind.com"]
[Date "2012.10.17"]
[Round "-"]
[White "Marc Wakeham"]
[Black "John Galvin"]
[Result "0-1"]
[WhiteCountry "WLS"]
[BlackCountry "USA"]
[WhiteElo "1637"]
[WhiteRD "68"]
[BlackElo "2307"]
[BlackRD "73"]
[GameID "319252"]

1. e4 c5 2. c3 Nf6 3. e5 Nd5 4. d4 cxd4 5. Nf3 Nc6 6. Bc4 Nb6 7. Bb3 d6 8. exd6 Qxd6 9. O-O Be6 10. Bxe6 Qxe6
11. Nxd4 Nxd4 12. Qxd4 Rd8 13. Qf4 Qd5 14. Be3 e5 15. Qg4 Nc4 16. Bxa7 Nxb2 17. Bb6 Rd7 18. Be3 Nc4 19. h3 h5 20. Qe2 Nxe3
21. Qxe3 Bc5 22. Qe2 Rh6 23. c4 Qd4 24. Na3 Bxa3 25. Rad1 Qb2 26. Qxb2 Bxb2 27. Rb1 Rd2
0-1

[Event "Spassky-Fischer, Reykjavik 1972 Match"]
[Site "SchemingMind.com"]
[Date "2013.01.07"]
[Round "-"]
[White "John Hamer"]
[Black "Adrian Grajczak"]
[Result "1/2-1/2"]
[WhiteCountry "ENG"]
[BlackCountry "POL"]
[WhiteElo "2037"]
[WhiteRD "64"]
[BlackElo "2088"]
[BlackRD "69"]
[GameID "324474"]

1. d4 Nf6 2. Nf3 g6 3. c4 Bg7 4. Nc3 O-O 5. Bf4 d6 6. e3 Nbd7 7. h3 c6 8. Be2 Qe8 9. O-O e5 10. Bh2 Qe7
11. Qc2 b6 12. Rfd1 Bb7 13. dxe5 dxe5 14. Rd2 Rfd8 15. Rad1 a6 16. e4 b5 17. Nxe5 Nxe5 18. Rxd8+ Rxd8 19. Rxd8+ Qxd8 20. Bxe5 b4
21. Na4 Qe7 22. f4 Nxe4 23. Qxe4 f6 24. Nc5 fxe5 25. Nxb7 Qxb7 26. fxe5 b3 27. a4 Qb4 28. e6 Qd2 29. Qf3 Qe1+ 30. Kh2=
1/2-1/2

[Event "Spassky-Fischer, Reykjavik 1972 Match"]
[Site "SchemingMind.com"]
[Date "2013.01.07"]
[Round "-"]
[White "Adrian Grajczak"]
[Black "John Hamer"]
[Result "0-1"]
[WhiteCountry "POL"]
[BlackCountry "ENG"]
[WhiteElo "2088"]
[WhiteRD "69"]
[BlackElo "2037"]
[BlackRD "64"]
[GameID "324481"]

1. d4 c6 2. e4 d5 3. f3 e6 4. Nc3 Nf6 5. Bf4 Be7 6. Nge2 O-O 7. e5 Nfd7 8. g4 Qb6 9. Na4 Qa5+ 10. c3 Qc7
11. b4 a5 12. bxa5 Qxa5 13. Nb2 c5 14. Kf2 Nc6 15. Kg3 Qb6 16. Qd2 cxd4 17. cxd4 Ra3 18. h4 f6 19. exf6 Bxf6 20. Bd6 Be5+
0-1

[Event "Spassky-Fischer, Reykjavik 1972 Match"]
[Site "SchemingMind.com"]
[Date "2013.03.14"]
[Round "-"]
[White "John Hamer"]
[Black "John Galvin"]
[Result "0-1"]
[WhiteCountry "ENG"]
[BlackCountry "USA"]
[WhiteElo "2093"]
[WhiteRD "65"]
[BlackElo "2347"]
[BlackRD "71"]
[GameID "328510"]

1. d4 Nf6 2. c4 g6 3. Nc3 d5 4. Bf4 Bg7 5. Nf3 O-O 6. e3 c5 7. dxc5 Ne4 8. Rc1 Nd7 9. cxd5 Qa5 10. Nd4 Nxc3
11. bxc3 Nxc5 12. Bc4 e5 13. dxe6 Bxe6 14. Qe2 Bxc4 15. Qxc4 Rac8 16. O-O Rfd8 17. Rcd1 a6 18. Nb3 Qxa2 19. Qxc5 Qxb3 20. Rxd8+ Rxd8
21. Qc7 Ra8 22. c4 a5 23. c5= a4 24. c6 bxc6 25. Qxc6 Rd8 26. Qc7 Rd1
0-1

[Event "Spassky-Fischer, Reykjavik 1972 Match"]
[Site "SchemingMind.com"]
[Date "2013.03.14"]
[Round "-"]
[White "John Galvin"]
[Black "John Hamer"]
[Result "1-0"]
[WhiteCountry "USA"]
[BlackCountry "ENG"]
[WhiteElo "2347"]
[WhiteRD "71"]
[BlackElo "2093"]
[BlackRD "65"]
[GameID "328516"]

1. e4 Nf6 2. e5 Nd5 3. d4 d6 4. Nf3 Nc6 5. c4 Nb6 6. exd6 exd6 7. Nc3 Be7 8. d5 Ne5 9. Nxe5 dxe5 10. Be3 O-O
11. Bd3 Nd7 12. O-O f5 13. f3 Nc5 14. Bc2 a5 15. Qd2 Bd7 16. Rae1 a4 17. Kh1 a3 18. b4 Na6 19. b5 Nc5 20. d6 cxd6
21. Bxc5 dxc5 22. Rxe5 Rf7 23. Rd5 Bf6 24. Na4 Bd4 25. Nxc5 Bxc5 26. Rxc5 Qf6 27. Bb3 Re7 28. Rc7 Be6 29. b6
1-0